Organic chemicals in the aquatic environment : disribution, persistence and toxicity

Saved in:
Bibliographic Details
Main Author: Neilson, Alasdair H.
Format: Book
Language:English
Published: Boca Raton : Lewis Publishers, c1994
Subjects:
Tags: Add Tag
No Tags, Be the first to tag this record!

MARC

LEADER 00000nam a2200000 i 4500
001 1/16017
008 980717s1994 eng d
020 |a 0-87371-597-7 
035 |l 10020045 
040 |a GR-MY-UA  |b gre  |e aacr 
041 0 |a eng 
082 0 |a 574.5263 
100 1 |a Neilson, Alasdair H. 
245 1 0 |a Organic chemicals in the aquatic environment :  |b disribution, persistence and toxicity /  |c Alasdair H. Neilson 
260 |a Boca Raton :   |b Lewis Publishers,   |c c1994 
300 |a 438 p.  |b fig. 
504 |a Includes bibliographical references and index 
650 0 0 |a Aquatic organisms  |x Effect of water pollution on. 
650 0 0 |a Organic water pollutants  |x Environmental aspects. 
852 |a INST  |b LESVOS  |e 19980717  |h 574.5263 NEI  |p 005100014395  |q 005100014395  |t BK  |y 0 
901 |a BIBL-1998-2 
909 |a Λ  |b 058306 
922 |a 1ΕΛΗ  |b 199806  |c ΚΠΣ/ΤΠ  |d ΠΑΠΑΣΩΤΗΡΙΟΥ 
950 |a 107-1998-04-07